000
00343pam a2200157a 44500
008
230515b1988 xxu||||| |||| 00| 0 eng d
020
_a
NULL
041
_a
ENGLISH
082
_a
630
100
_a
7986-1976
245
_a
CODE OF PRACTICE FOR CANAL OUTLETS
250
_a
0
260
_a
DELHI
_b
ISI
_c
1988
300
_a
14
650
_a
NULL
999
_c
652243
_d
652243